000 00322nam a22001217a 4500
040 _cSY
082 _a631
100 _aជួង សុផល
245 _aAgricultural machinery, ឧបករណ៍ និងម៉ាស៊ីនកសិកម្ម
260 _aRUA
_bជួង
_c2008
300 _a30p.
942 _cKB
999 _c10089
_d10089